Cuentos de Fabián Dobles /
Na minha lista:
| Autor principal: | |
|---|---|
| Formato: | Desconhecido |
| Idioma: | Spanish |
| Publicado em: |
San José, Costa Rica :
EDUCA,
1971.
|
| Edição: | 1 edición |
| Colecção: | ( Colección Séptimo Día)
|
| Assuntos: | |
| Tags: |
Adicionar Tag
Sem tags, seja o primeiro a adicionar uma tag!
|
MARC
| LEADER | 000000000a22000000004500 | ||
|---|---|---|---|
| 001 | 008417 | ||
| 041 | 0 | |a spa | |
| 082 | 0 | 4 | |a CR863.4 |b D633c |
| 100 | 1 | |a Dobles Rodríguez, Fabián, |d 1918-1997 | |
| 245 | 1 | 0 | |a Cuentos de Fabián Dobles / |c Fabián Dobles Rodríguez. |
| 250 | |a 1 edición | ||
| 260 | 1 | |a San José, Costa Rica : |b EDUCA, |c 1971. | |
| 300 | |a 141 páginas | ||
| 490 | 1 | |a ( Colección Séptimo Día) | |
| 650 | 4 | |a LITERATURA COSTARRICENSE | |
| 650 | 4 | |a CUENTOS | |
| 999 | |c 13992 |d 13992 | ||
| 942 | |c BK |h CR863.4 D633c |2 z | ||
